Ellipsoidal calculus for estimation and control
Αποθηκεύτηκε σε:
| Κύριος συγγραφέας: | |
|---|---|
| Άλλοι συγγραφείς: | |
| Μορφή: | Βιβλίο |
| Γλώσσα: | English |
| Δημοσίευση: |
Laxenburg : Boston :
IIASA ;, Birkhauser,
c1997
|
| Σειρά: | Systems & control
|
| Θέματα: | |
| Ετικέτες: |
Προσθήκη ετικέτας
Δεν υπάρχουν, Καταχωρήστε ετικέτα πρώτοι!
|
MARC
| LEADER | 00000nam a2200000 i 4500 | ||
|---|---|---|---|
| 001 | 1/105583 | ||
| 008 | 000414s1997 eng d | ||
| 020 | |a 3-7643-3699-4 | ||
| 035 | |l 10059307 | ||
| 040 | |a GR-MY-UA |b gre |e aacr | ||
| 041 | 0 | |a eng | |
| 082 | 0 | |a 515.353 | |
| 100 | 1 | |a Kurzhanski, Alexander. | |
| 245 | 1 | 0 | |a Ellipsoidal calculus for estimation and control / |c Alexander Kurzhanski, Istvan Valyi |
| 260 | |a Laxenburg : |a Boston : |b IIASA ;, |b Birkhauser, |c c1997 | ||
| 300 | |a xv, 321 p.; |b ill.; |c 25 cm. | ||
| 490 | 1 | |a Systems & control | |
| 504 | |a Includes bibliographical references and index | ||
| 650 | 0 | 0 | |a Control theory |x Data processing. |
| 650 | 0 | 0 | |a Elliptic functions. |
| 700 | 1 | |a Valyi, Istvan. | |
| 830 | 0 | |a Systems & control | |
| 852 | |a INST |b SAMOS |e 20000414 |h 629.8312 KUR |p 005300017868 |q 005300017868 |t BK |y 0 | ||
| 901 | |a BIBL3-2000-1 | ||
| 909 | |a Σ |b 076731 | ||
| 922 | |a 3ΕΛΗ |b 200003 |c ΚΠΣ |d LEADER | ||
| 950 | |a 116-1999-12-29 | ||
| 970 | |a ΓΕΝΟΥΖΟΥ |b ΧΡΥΣΑΝΘΗ |z 2000/04/14 | ||